Prevención de Violencia y Cultura de Paz (Record no. 8828)
[ view plain ]
| 000 -LEADER | |
|---|---|
| campo de control de longitud fija | 00409nam a2200133Ia 4500 |
| 001 - NÚMERO DE CONTROL | |
| campo de control | 3207 |
| 008 - DATOS DE LONGITUD FIJA--INFORMACIÓN GENERAL | |
| campo de control de longitud fija | 241024s9999 xx 000 0 und d |
| 082 ## - NÚMERO DE LA CLASIFICACIÓN DECIMAL DEWEY | |
| Número de clasificación | RD/371.58/R426p/2013 |
| 100 ## - ENTRADA PRINCIPAL--NOMBRE DE PERSONA | |
| Nombre de persona | República Dominicana. Ministerio de Educación. Regional de Educación 12 de Higüey |
| 245 #0 - MENCIÓN DEL TÍTULO | |
| Título | Prevención de Violencia y Cultura de Paz |
| 260 ## - PUBLICACIÓN, DISTRIBUCIÓN, ETC. | |
| Nombre del editor, distribuidor, etc. | Higüey |
| Fecha de publicación, distribución, etc. | 2013 |
| 901 ## - ELEMENTOS DE DATOS A LOCAL LDA (RLIN) | |
| a | 5/9/2013 9:33:16 a.m. |
No items available.